| 000 | 01086nam a22002057a 4500 | ||
|---|---|---|---|
| 005 | 20240306112959.0 | ||
| 010 | _aB-757596-598 | ||
| 020 |
_a9789381932059 _c500.00 |
||
| 035 | _aB-757596-598 | ||
| 037 | _bएस. पी . कौशिक | ||
| 082 | _a808 | ||
| 100 |
_aवर्मा, हरिशरण _962863 |
||
| 245 |
_aपरिश्रम नाटक -संग्रह / _cहरिशरण वर्मा |
||
| 260 |
_aदिल्ली _bएस. पी . कौशिक _c2023 |
||
| 270 |
_aए-49, भू-तल , गली नं. 6, जगतपुरी एक्सटेंशन , _bदिल्ली _e110093 |
||
| 300 |
_a160पृ.. _c22सेमी (सजिल्द) |
||
| 490 | _vभाग 1 | ||
| 942 |
_2ddc _cHN _h808 _mवर्माह |
||
| 999 |
_c200697 _d200697 |
||